Państwa w języku Chińskim - Statystyki

Ogólne statystyki
  • Ten quiz został rozwiązany 18 razy
  • Średni wynik to 12 z 30
Statystyki odpowiedzi
Nazwa chińska Nazwa polska % Poprawnych
美国 Stany Zjednoczone / USA
85%
波兰 Polska
77%
中华人民共和国 Chiny
69%
日本 Japonia
69%
德国 Niemcy
69%
法国 Francja
62%
意大利 Włochy
62%
印度 Indie
54%
朝鲜民主主义人民共和国 Korea Północna
54%
俄罗斯 Rosja
54%
澳大利亚 Australia
46%
巴西 Brazylia
46%
西班牙 Hiszpania
46%
瑞典 Szwecja
46%
亞美尼亞 Armenia
38%
芬兰 Finlandia
38%
刚果共和国 Kongo
38%
挪威 Norwegia
38%
菲律宾 Filipiny
31%
葡萄牙 Portugalia
31%
巴巴多斯 Barbados
23%
希腊 Grecja
23%
古巴 Kuba
23%
马耳他 Malta
23%
塞尔维亚 Serbia
23%
匈牙利 Węgry
23%
摩洛哥 Maroko
15%
塞内加尔 Senegal
15%
坦桑尼亚 Tanzania
15%
圣多美和普林西比 Wyspy Świętego Tomasza i Książęca
8%
Nie znaleziono quizów pasujących do podanych kryteriów
Rozkład punktacji
Procent ludzi z każdym wynikiem
Percentyl według liczby udzielonych odpowiedzi
Twoja historia wyników
Nie rozwiązałeś tego quizu